Control Systems Engineering / (Record no. 5134)
[ view plain ]
| 000 -LEADER | |
|---|---|
| fixed length control field | 00853nam a22002777a 4500 |
| 003 - CONTROL NUMBER IDENTIFIER | |
| control field | BUBTL |
| 008 - FIXED-LENGTH DATA ELEMENTS--GENERAL INFORMATION | |
| fixed length control field | 160204b xxu||||| |||| 00| 0 eng d |
| 020 ## - INTERNATIONAL STANDARD BOOK NUMBER | |
| International Standard Book Number | 9788122420081 |
| 041 ## - LANGUAGE CODE | |
| Language code of text/sound track or separate title | eng |
| 082 ## - DEWEY DECIMAL CLASSIFICATION NUMBER | |
| Edition number | 22 |
| Classification number | 629.8/ N139c/ 2007 |
| 100 ## - MAIN ENTRY--PERSONAL NAME | |
| 9 (RLIN) | 5419 |
| Personal name | Nagrath, I.J. |
| 245 ## - TITLE STATEMENT | |
| Title | Control Systems Engineering / |
| Statement of responsibility, etc. | I. J. Nagrath, M. Gopal |
| 250 ## - EDITION STATEMENT | |
| Edition statement | 5th ed. |
| 260 ## - PUBLICATION, DISTRIBUTION, ETC. (IMPRINT) | |
| Place of publication, distribution, etc. | India: |
| Name of publisher, distributor, etc. | New Age International(P) Limited |
| Date of publication, distribution, etc. | c2007 |
| 300 ## - PHYSICAL DESCRIPTION | |
| Extent | xiii, 895 p.: |
| Dimensions | 24 cm. |
| 500 ## - GENERAL NOTE | |
| General note | Includes Index |
| 505 ## - FORMATTED CONTENTS NOTE | |
| Formatted contents note | Control Systems Engineering, I. J. Nagrath, M. Gopal, Control Systems |
| 526 ## - STUDY PROGRAM INFORMATION NOTE | |
| Program name | Electrical and Electronic Engineering |
| 650 #0 - SUBJECT ADDED ENTRY--TOPICAL TERM | |
| 9 (RLIN) | 308 |
| Topical term or geographic name as entry element | EEE |
| 658 ## - INDEX TERM--CURRICULUM OBJECTIVE | |
| Main curriculum objective | Electrical and Electronic Engineering |
| 700 ## - ADDED ENTRY--PERSONAL NAME | |
| 9 (RLIN) | 5420 |
| Personal name | Gopal, M. |
| 760 ## - MAIN SERIES ENTRY | |
| Edition | 5th |
| 856 ## - ELECTRONIC LOCATION AND ACCESS | |
| Password | 0 |
| Logon | 0 |
| Link text | Download |
| 942 ## - ADDED ENTRY ELEMENTS (KOHA) | |
| Source of classification or shelving scheme | |
| Koha item type | Books |
| Withdrawn status | Lost status | Source of classification or shelving scheme | Damaged status | Not for loan | Collection code | Permanent location | Current location | Shelving location | Date acquired | Inventory number | Total Checkouts | Total Renewals | Full call number | Barcode | Date last seen | Date last checked out | Copy number | Price effective from | Koha item type |
|---|---|---|---|---|---|---|---|---|---|---|---|---|---|---|---|---|---|---|---|
| Non-fiction | Bangladesh University of Business and Technology Library | Bangladesh University of Business and Technology Library | Electronic Engineering Stacks | 07/23/2014 | 17925 | 3 | 6 | 629.8/ N139c/ 2007 | BUBTL-200317925 | 08/18/2021 | 02/10/2020 | C-1 | 02/04/2016 | Books | |||||
| Non-fiction | Bangladesh University of Business and Technology Library | Bangladesh University of Business and Technology Library | Electronic Engineering Stacks | 07/23/2014 | 17933 | 3 | 4 | 629.8/ N139c/ 2007 | BUBTL-200317933 | 06/01/2023 | 02/11/2020 | C-2 | 02/04/2016 | Books | |||||
| Non-fiction | Bangladesh University of Business and Technology Library | Bangladesh University of Business and Technology Library | Electronic Engineering Stacks | 07/23/2014 | 17926 | 3 | 3 | 629.8/ N139c/ 2007 | BUBTL-200317926 | 01/29/2019 | 12/17/2018 | C-3 | 02/04/2016 | Books | |||||
| Non-fiction | Bangladesh University of Business and Technology Library | Bangladesh University of Business and Technology Library | Electronic Engineering Stacks | 07/23/2014 | 17927 | 2 | 1 | 629.8/ N139c/ 2007 | BUBTL-200317927 | 02/11/2019 | 01/07/2019 | C-4 | 02/04/2016 | Books | |||||
| Non-fiction | Bangladesh University of Business and Technology Library | Bangladesh University of Business and Technology Library | Electronic Engineering Stacks | 07/23/2014 | 17930 | 1 | 2 | 629.8/ N139c/ 2007 | BUBTL-200317930 | 03/11/2019 | 11/03/2018 | C-5 | 02/04/2016 | Books | |||||
| Non-fiction | Bangladesh University of Business and Technology Library | Bangladesh University of Business and Technology Library | Electronic Engineering Stacks | 07/23/2014 | 17934 | 2 | 3 | 629.8/ N139c/ 2007 | BUBTL-200317934 | 01/26/2019 | 12/08/2018 | C-6 | 02/04/2016 | Books | |||||
| Non-fiction | Bangladesh University of Business and Technology Library | Bangladesh University of Business and Technology Library | Electronic Engineering Stacks | 07/23/2014 | 17931 | 3 | 5 | 629.8/ N139c/ 2007 | BUBTL-200317931 | 03/02/2021 | 02/27/2020 | C-7 | 02/04/2016 | Books | |||||
| Non-fiction | Bangladesh University of Business and Technology Library | Bangladesh University of Business and Technology Library | Electronic Engineering Stacks | 07/23/2014 | 17929 | 629.8/ N139c/ 2007 | BUBTL-200317929 | 02/04/2016 | C-8 | 02/04/2016 | Books | ||||||||
| Not For Loan | Non-fiction | Bangladesh University of Business and Technology Library | Bangladesh University of Business and Technology Library | Electronic Engineering Stacks | 07/23/2014 | 17932 | 629.8/ N139c/ 2007 | BUBTL-200317932 | 02/04/2016 | C-9 | 02/04/2016 | Books | |||||||
| Non-fiction | Bangladesh University of Business and Technology Library | Bangladesh University of Business and Technology Library | Electronic Engineering Stacks | 07/23/2014 | 17928 | 2 | 1 | 629.8/ N139c/ 2007 | BUBTL-200317928 | 01/23/2019 | 01/16/2019 | C-10 | 02/11/2016 | Books |
